000 00610nam a2200241Ia 4500
003 OSt
005 20221005133532.0
006 a|||||r|||| 00| 0
007 ta
008 221004b |||||||| |||| 00| 0 tam d
024 _a47887
037 _cTextual
040 _aCRL
_cCRL
_btam
041 _2tam
_atam
082 _aO31,1C1:g, K6
100 _aPathinenkee Au.
_9642575
245 0 _aZhkkanakku chsorpozhiv ukal
260 _c1966
650 _a TAMIL POETRY
650 _aTAMIL LITERATURE
942 _hO31,1C1:g, K6
_cTEXL
_2cc
999 _c1067130
_d1067130